|
|
|
|
| LEADER |
01181nam a2200265 a 4500 |
| 001 |
3574380 |
| 008 |
090622s1999 ii a b 001 0 eng d |
| 010 |
|
|
|a 99011086
|
| 020 |
|
|
|a 0761993215 (US-HB)
|
| 020 |
|
|
|a 0761993223 (US-PB)
|
| 020 |
|
|
|a 8170367867 (India-HB)
|
| 020 |
|
|
|a 8170367875 (India-PB)
|
| 040 |
|
|
|a DLC
|c DLC
|d DLC
|
| 082 |
0 |
0 |
|a 658.8/02
|2 21
|
| 100 |
1 |
|
|a Xavier, M. J.,
|d 1953-
|
| 245 |
1 |
0 |
|a Strategic marketing :
|b a guide for developing sustainable competitive advantage /
|c M.J. Xavier.
|
| 260 |
|
|
|a New Delhi ;
|a Thousand Oaks, Calif. :
|b Response Books,
|c c1999.
|
| 300 |
|
|
|a 359 p. :
|b ill. ;
|c 23 cm.
|
| 504 |
|
|
|a Includes bibliographical references and indexes.
|
| 541 |
1 |
|
|e 00011613
|
| 650 |
|
0 |
|a Marketing.
|
| 852 |
4 |
|
|a Ayesha Abed Library
|j General shelf
|
| 999 |
|
|
|c 1539
|d 1539
|
| 952 |
|
|
|0 0
|1 0
|2 ddc
|4 0
|6 658_802000000000000_XAV
|7 0
|9 1413
|a BRACUL
|b BRACUL
|c GEN
|d 2009-06-28
|g 555.00
|l 1
|m 16
|o 658.802 XAV
|p 3010011613
|r 2022-07-04
|s 2022-01-23
|t 1
|w 2009-06-28
|y BK
|
| 952 |
|
|
|0 0
|1 0
|2 ddc
|4 0
|6 658_802000000000000_XAV
|7 0
|9 16174
|a BRACUL
|b BRACUL
|c GEN
|d 2011-04-21
|l 1
|m 4
|o 658.802 XAV
|p 3010012772
|r 2013-12-14
|s 2013-11-14
|t 2
|w 2011-04-21
|y BK
|x Price not available in Register
|